[Event "TAO 38"]
[Site "?"]
[Date "2008.07.12"]
[Round "2"]
[White "McNeill, Jonathon"]
[Black "High, Zachary"]
[Result "1/2-1/2"]
[WhiteElo "1861"]
[BlackElo "1813"]
[Annotator "Fritz 11 (60s)"]
[PlyCount "93"]
[SourceDate "2006.11.11"]
[TimeControl "180"]

{119MB, Fritz11.ctg, JONATHON-5DE1DD B02: Alekhine's Defence: Chase Variation
and lines with early Nc3} 1. e4 {[%emt 0:00:00]} c5 2. Nc3 e6 3. d3 Nc6 4. g3
Nf6 5. Bg2 Be7 6. f4 d5 7. e5 Nd7 8. Nf3 O-O 9. O-O f6 10. exf6 Bxf6 {
Black has a new backward pawn: e6} (10... Nxf6 11. Qe2 (11. Re1 Bd6 12. Ng5 Nd4
13. Be3 h6 14. Nh3 Bd7 15. Kh1 Qc7 16. g4 Nxc2 17. Qxc2 d4 18. g5 Ng4 19. Nd5
exd5 20. Bxd5+ Kh8 21. gxh6 Nxh6 22. Bxd4 cxd4 23. Qxc7 Bxc7 24. Re7 Bxh3 25.
Rg1 Bd8 {
Prados Montano,A (2203)-Colovic,A (2459)/Dos Hermanas 2006/CBM 111 ext/0-1})
11... Re8 12. Bd2 Bd6 13. h3 h6 14. Rae1 e5 15. fxe5 Nxe5 16. Nxe5 Rxe5 17. Qd1
a6 18. Bf4 Rxe1 19. Qxe1 Bxf4 20. Rxf4 d4 21. Nd5 Nxd5 22. Bxd5+ Kh8 23. Qe5 {
1-0 Balashov,Y (2545)-Schmidt,W (2485)/Halle 1976/MCL}) 11. Qe2 $146 (11. Re1
Re8 12. Kh1 a6 13. Qe2 Nf8 14. Nd1 e5 15. fxe5 Nxe5 16. Nf2 Nxf3 17. Qxe8 Nxe1
18. Qxe1 Be6 19. Nh3 Qd7 {
1/2-1/2 Posch,W (2180)-Enigl,K/Austria 1995/CBM 045 ext}) (11. Kh1 Nb6 12. a4
a5 13. Re1 Qd6 14. Nb5 Qb8 15. c3 Na7 16. Be3 Nxb5 17. Bxc5 Nxa4 18. Qxa4 Nd6
19. Ne5 Qc7 20. d4 b6 21. Ba3 Rd8 22. Qc6 Ra7 23. Qa4 Bxe5 24. Rxe5 Nc4 25. Re2
Bd7 {Zlatkovic,M (2131)-Damjanovic,L (2156)/Belgrade 2004/CBM 098 ext/1-0 (72)}
) 11... Qe8 (11... Nb6 $5 $11 {should be examined more closely}) 12. Re1 (12.
Nb5 $142 $5 Bd8 13. Re1 $16) 12... Nb6 $14 13. Nd1 (13. a4 Nd4 14. Nxd4 Bxd4+
15. Kf1 Bxc3 16. bxc3 Nxa4 $14) 13... Bd7 14. c3 {Controls b4+d4} Rb8 (14...
Qg6 15. Be3 d4 16. Bd2 $11) 15. Nf2 $14 Qg6 16. Bh3 {
Attacks the backward pawn on e6} (16. Be3 Na4 $14) 16... Rbe8 (16... e5 17.
fxe5 (17. Nxe5 $2 Bxe5 18. Bxd7 Nxd7 19. fxe5 Ndxe5 $19) 17... Nxe5 18. Bf4
Nxf3+ 19. Qxf3 Bxh3 20. Nxh3 $11) 17. Ng4 (17. Ne5 Bxe5 18. fxe5 $11) 17... Nc8
(17... e5 $142 {is the best option Black has} 18. Nxf6+ Qxf6 (18... gxf6 $143
19. Bxd7 Nxd7 20. Nh4 $16) 19. Bxd7 Nxd7 $15) 18. Nxf6+ $16 Rxf6 19. Kh1 (19.
b4 $5 cxb4 20. cxb4 $16) 19... N8e7 20. Nh4 {
White threatens to win material: Nh4xg6} Qf7 21. Bd2 b6 22. Qg2 Nf5 23. Nxf5
exf5 24. Rxe8+ Bxe8 25. Re1 Re6 26. Qf2 Bd7 27. Bg2 Rxe1+ 28. Qxe1 a5 (28... d4
29. c4 Qe8 30. Qxe8+ Bxe8 31. a3 $11) 29. Qd1 (29. d4 c4 $14) 29... d4 $11 {
Black gains space} 30. Qb3 Qxb3 {Black has a mate threat} 31. axb3 {
A minor pieces endgame occured} Kf7 32. Bd5+ Kf6 33. Kg2 Ne7 {
Black threatens to win material: Ne7xd5} 34. Bf3 g6 {Prevents intrusion on h5}
(34... Bc6 35. Be1 $15) 35. h3 (35. b4 cxb4 36. cxb4 a4 $11) 35... h5 (35...
Bc6 36. c4 $15) 36. Be1 $11 Be6 (36... Nc6 $142 $5 $11 {
and Black could well hope to play on}) 37. cxd4 $16 cxd4 38. Bf2 Kf7 39. Bxd4
Bxb3 (39... Nd5 $5 $16) 40. Bxb6 $18 a4 41. Kf2 (41. Bc5 Nd5 $18) 41... Ke6 (
41... Nd5 42. Ba5 $16) 42. Bc5 $18 Nd5 43. d4 (43. h4 $5 $18) 43... Nf6 $16 44.
Ke3 (44. Bc6 Ne4+ 45. Ke3 Nxg3 $16) 44... Nd5+ 45. Kd3 Nf6 (45... h4 $5 {
must definitely be considered} 46. gxh4 Nxf4+ 47. Ke3 Nd5+ 48. Kd2 Nf4 $14) 46.
Bc6 Nd7 (46... h4 47. gxh4 Nd5 48. Kd2 $16) 47. Bb5 1/2-1/2

[Event "The Asheboro Open 37"]
[Site "?"]
[Date "2008.06.07"]
[Round "1"]
[White "Campbell, William"]
[Black "Fuerstman, Leland"]
[Result "1-0"]
[WhiteElo "1616"]
[BlackElo "2000"]
[Annotator "Rybka 2.3 32-bit  (60s)"]
[PlyCount "98"]
[SourceDate "2006.11.11"]

{B02: Alekhine's Defence: Chase Variation and lines with early Nc3} {Hi, this i
s FIDE Master Ron Simpson.  I had the pleasure of analyzing a wonderful game
recently between nine year old William Campbell (1616) and Leland Fuerstman
(2000).  The game was played at The Asheboro Open XXXVII on June 7, 2008. 
Tournament Director Tom Hales announced the game as an UPSET due to the huge
difference in ratings.     Upsets are more common in one day events with
shorter time controls, but I for one have a great respect for chess warriors
looking to beat players several hundred rating points higher than themselves! 
Nine year old William was about 400 points lower, but he was all business in
his usual suit and tie.  The game was a pleasure to observe.    Leland, a NC
"Hall of Famer," life Master, and really nice guy must have been quite
confident sitting across from his much younger opponent.  After all, he had
about 400 rating points on William, and a lifetime of playing experience
stacked against just nine years of life.  William's youthful enthusiam,
however, made him one to not underestimate.   
*******************************************************************************
*********************** 
*******************************************************************************
***********************        Editor's Notes:  This game has been deeply
analyzed by Rybka 2.3.  Ron Simpson's notes will be proceeded by "Simpson:"
for the remainder of the analysis.} 1. e4 Nf6 2. Bc4 {Simpson:  William offers
a nice tactical response to Leland's Alekhine's Defense.  At first glance, it
appears that Leland can simply snatch the e-pawn.  Things are a bit trickier,
though---see 2...Nxe4 variation that follows.} d6 (2... Nxe4 3. Bxf7+ Kxf7 4.
Qh5+ g6 5. Qd5+ e6 6. Qxe4) {Simpson:  If 2...Nxe4, White recaptures the
material with a nice tactical triangulation of his queen!  The resulting
position wouldn't have been bad for Black considering his central pawns,
bishop pair, etc...however, king safety might be in question.  Who would want
to play William in such a position?} 3. Nc3 c6 4. d4 b5 5. Bb3 b4 6. e5 {
Simpson:  Leland puts his young opponent to the test, and William responds
agressively!  The players have entered a position that requires accurate
calculation.    Sometimes when pieces are being attacked, we tend to focus on
lines involving their capture...but it is a good practice to approachcomplicate
d positions with a simple, straight forward solutions before looking at
complicated lines.  See 6...dxe5 variation below.} (6. Na4 Nxe4 7. Qf3 d5 8.
Ne2 e6 9. Ng3 f5 10. Nxe4 fxe4 11. Qh5+ g6 12. Qe5 Rg8 13. Bg5 Qd6 14. Qxd6
Bxd6 15. O-O-O Rf8 16. Rhf1 Ba6 17. Rfe1 Rxf2 18. Rd2 Rf7 19. h3 Nd7 20. c4
bxc3 {Ak Hafizon,O-Faraj,Y (2221)/Tagaytay City 2004/CBM 099 ext/0-1}) 6...
bxc3 (6... dxe5 7. dxe5 Qxd1+ 8. Kxd1 Ng4 9. Ne4 Nxe5 {Simpson:  I like Black
here, but the position still has a lot of life for white!    White has a lead
in development, and some soft pawn targets on b4 and c6.  The question is, can
white develop in order to compensate for his lost pawn??  The result of
William's 6.e5 move could have produced this position.  Many chess coaches
warn their students of the dangers of playing for tactics.  Tactics are nice
to look at, and they provide satisfying short term accomplishments...BUT in
practice it is easy to overlook simple solutions.} {Fritz 9:} 10. f4 Ng4 11.
Ke2 Nd7 12. Nh3 Ndf6 13. Nhg5 Nd5 14. Kf3 h6 15. Ba4 {[%eval -90,11]}) 7. exf6
cxb2 (7... gxf6 {Simpson:  A common theme when taking pawns is to take toward
the center.  Black would have been fine if not better with this line--with
more central pawns, and no real weaknesses.  But capturing with 7...cxb2 gave
William many chances to go wrong!} 8. bxc3) 8. fxg7 $146 {Simpson:  Leland's 6.
..bxc3 move has led to a world of calculations!  My guess is that Leland
wanted to see these lines played out.  I must confess that this was a fun line
to explore during our post game analysis!} (8. Bxb2 exf6 9. Nf3 Qe7+ 10. Qe2
Qxe2+ 11. Kxe2 Bg4 12. Rhd1 Be7 13. Rd3 Na6 14. a3 O-O 15. Re1 Bxf3+ 16. Rxf3
d5 17. Kf1 Bd6 18. Kg1 Rfe8 19. Rfe3 Rxe3 20. Rxe3 Kf8 21. g3 Rb8 22. Kf1 Nc7 {
Hyttrek,J-Meifert,T/Neumuenster 1996/EXT 2002/1/2-1/2 (34)}) 8... Bxg7 {
Simpson:  Imagine having to calculate this position without the help of a
computer, and without being able to move pieces around the board:  everything
must be calculated mentally.  I believe Leland correctly calculated that Bxg7
was best.  See my example variation 8...bxa1=Q} (8... bxa1=Q 9. gxh8=Q Qa5+ 10.
Kf1 Ba6+ 11. c4 {Simpson:  And I like white a little better here.  Black must
play carefully to avoid losing a piece!} Qb4 $2 12. Qxf8+ $1 Kxf8 13. Bh6+ Ke8
14. Qxa1) 9. Bxb2 Qa5+ 10. Qd2 (10. c3 O-O $11) 10... Qxd2+ 11. Kxd2 {
White loses the right to castle} Bb7 12. Nf3 c5 13. c3 Bh6+ 14. Kd3 Rg8 15.
Rhg1 Nd7 16. d5 Bg7 17. Rab1 a5 (17... Nb6 $5 $15) 18. c4 $11 Bxb2 19. Rxb2 a4
(19... Ba6 20. Rbb1 $11) 20. Bc2 $14 Ba6 21. Kc3 a3 {
Black threatens to win material: a3xb2} 22. Rb3 {
White threatens to win material: Rb3xa3} Rg4 23. Bd3 Bc8 24. Bxh7 {Simpson:  Le
land simply missed hanging the h-pawn.  The game continued with Leland playing
some forcing moves, but William responded correctly.  The Master's tactical
ideas were countered move for move.} (24. g3 Nf6 $14) 24... Nf6 {
Black threatens to win material: Nf6xh7} 25. Bd3 Ra4 $2 (25... Ne4+ 26. Bxe4
Rxe4 27. Rc1 $14) 26. Nd2 (26. Rb8 Kd8 27. Kb3 Rb4+ 28. Rxb4 cxb4 $18) 26...
Ba6 (26... Kd8 27. g3 $16) 27. Bf5 (27. Rb8+ Kd7 28. Bf5+ Kc7 29. Bxg4 Kxb8 $18
) 27... Rgxc4+ 28. Nxc4 Rxc4+ 29. Kd2 Rd4+ 30. Kc2 {Simpson:  Leland can't
take the d pawn because William's bishop and rook will deliver mate!} Rc4+ (
30... Kf8 31. Rxa3 Nxd5 32. Kc1 $16 (32. Rxa6 $6 Nb4+ 33. Kb3 Nxa6 $11)) 31.
Kb1 $18 Rb4 32. Ka1 Nxd5 33. Rxa3 Bb7 (33... Rf4 $142 $5 34. Bd3 c4 $16) 34.
Rb1 $18 e6 35. Bc2 Bc6 (35... Nf4 36. g3 Rxb1+ 37. Kxb1 $18) 36. Rxb4 Nxb4 37.
Ba4 Kd7 $2 (37... Bxa4 38. Rxa4 d5 $18) 38. h4 Kc7 (38... Bxa4 39. Rxa4 Ke7 40.
Ra7+ Kf6 $18) 39. Bxc6 Kxc6 40. Rf3 (40. h5 $142 $18 {secures the point}) 40...
f5 41. h5 Nd5 42. Rg3 c4 (42... Nf6 {is one last hope} 43. h6 Kd5 $18) 43. h6
Nf6 44. Rg6 (44. Rg7 $142 {and White can celebrate victory} Kd5 45. Rf7 Ng4 $18
) 44... Nh7 45. Rg7 (45. Kb2 $142 $18 {and White can already relax}) 45... Nf6
(45... Nf8 {the last chance for counterplay} 46. Kb2 Kc5 $18) 46. Rf7 Ng4 47.
h7 Nh6 48. Rg7 (48. Re7 Ng4 49. h8=Q Ne5 50. Qa8+ Kc5 51. Qa5+ Kd4 52. Rxe6 Nf7
53. Qxf5 d5 54. Qxf7 Kd3 55. Qb7 Kd4 56. Qb4 Kd3 57. Re3+ Kc2 58. Re2+ Kd3 59.
Qd2#) 48... c3 49. h8=Q Kd5 {Simpson:  William is well on his way to becoming
a very strong chess player!  Monthly tournaments like these are a great
training ground for serious players.  I hope to have the pleasure of reporting
more games like this.} 1-0

[Event "TAO 37"]
[Site "?"]
[Date "2008.06.07"]
[Round "3"]
[White "Campbell, William"]
[Black "McNeill, Jonathon"]
[Result "0-1"]
[WhiteElo "1850"]
[BlackElo "1616"]
[Annotator "Fritz 11 (60s)"]
[PlyCount "146"]
[SourceDate "2006.11.11"]
[TimeControl "180"]

{119MB, Fritz11.ctg, JONATHON-5DE1DD B01: Scandinavian Defence} 1. e4 d5 2.
exd5 Qxd5 3. Nc3 Qd6 4. Nf3 Nf6 5. Bc4 a6 6. a4 (6. O-O b5 7. Bb3 Bb7 8. d3 e6
9. Qe2 Be7 10. a4 b4 11. Ne4 Nxe4 12. dxe4 Nd7 13. Re1 Nc5 14. Nd2 O-O 15. f3
Bh4 16. Rf1 Qd4+ 17. Kh1 Qe5 18. Nc4 Qh5 19. g4 Qg6 20. Ne5 Qf6 {
Ivanovic,B (2501)-Benkovic,P (2469)/Subotica 2003/CBM 095/1/2-1/2 (51)}) 6...
Bg4 7. h3 (7. O-O e6 8. h3 Bh5 9. Qe2 Be7 10. b3 Qc6 11. Bb5 axb5 12. axb5 Bxf3
13. gxf3 Qxc3 14. Rxa8 Qxc2 15. Rxb8+ Bd8 16. Qc4 Qg6+ 17. Kh2 O-O 18. Ba3 Re8
19. Rg1 Qf5 20. Qd4 c5 21. Qd6 Qd5 {
Khanamiryan,A (1877)-Boric,M (1652)/Sibenik 2007/CBM 120 ext/1-0}) 7... Bh5 8.
Qe2 $146 (8. g4 Bg6 9. d3 Nc6 10. Qe2 e6 11. Bd2 O-O-O 12. O-O-O Qc5 13. Rde1
Qa5 14. Bb3 Bb4 15. Rhg1 Nd7 16. Ne4 Bxe4 17. Qxe4 Nc5 18. Bxb4 Nxb3+ 19. cxb3
Qxb4 20. Qc4 Rd5 21. Kb1 Qb6 22. Qf4 Qxb3 {
Lematschko,T (2267)-Danielian,E (2437)/Mallorca 2004/CBM 102 ext/0-1 (51)})
8... Nc6 9. Ne4 Nxe4 10. Qxe4 Bg6 {Black threatens to win material: Bg6xe4} 11.
Qe2 e6 {Secures d5} 12. c3 {Covers b4+d4} Na5 13. Ne5 Nxc4 14. Nxc4 {
Black has the pair of bishops} Qd3 15. Ne5 Qxe2+ 16. Kxe2 c5 17. h4 f6 (17...
Bf5 18. d3 $15) 18. Nxg6 $11 hxg6 19. d3 Rd8 20. Bd2 Kf7 21. Rh3 Be7 22. Rah1
Rd5 23. c4 {White threatens to win material: c4xd5} Rdh5 24. g3 (24. f4 $5 $11)
24... g5 $15 25. f3 (25. Be1 g4 26. R3h2 e5 $15) 25... f5 26. Be1 (26. f4 gxh4
27. Be3 e5 $17) 26... gxh4 $17 27. f4 g5 {Begins the manoeuvre Bg7-g5-e7-f6-d4}
(27... e5 28. fxe5 g5 29. R3h2 $17) 28. fxg5 $15 Bxg5 29. gxh4 {
White has a new passed pawn: h4. Black has a new protected passed pawn: f5.}
Be7 30. Bg3 Rg8 31. Kf3 Bf6 32. b3 Bd4 {Black can be proud of that piece} 33.
Re1 Kf6 34. Bf4 Rg4 {Black threatens to win material: Rg4xh4} (34... e5 35.
Bg5+ Ke6 36. Reh1 $17) 35. Bg5+ $15 {Menacing} Kf7 36. Rg3 Rxg3+ 37. Kxg3 Bf6
38. Bxf6 Kxf6 {A rook endgame occured} 39. Re2 (39. Rh1 a5 $15) 39... e5 (39...
Rh7 $5 $17) 40. Rh2 $15 Rh8 41. Rf2 $2 (41. Kf3 $142 $5 $15 {
and White can hope to survive}) 41... f4+ $19 42. Kh3 (42. Kg4 Rg8+ 43. Kf3
Rg3+ 44. Ke2 Rh3 $19) 42... Rg8 43. Rg2 $4 {
the pressure is too much, White crumbles} (43. Rd2 $19) 43... Rxg2 44. Kxg2 a5
45. Kh2 Kg6 46. Kg2 Kh5 47. Kh3 b6 48. Kg2 Kxh4 49. Kf3 Kg5 50. Ke4 Kg4 51.
Kxe5 f3 52. Kd6 f2 53. Kc6 f1=Q 54. Kxb6 Qxd3 55. Kxc5 Qxb3 56. Kd4 (56. Kd5 {
does not help much} Kg3 57. Ke6 Qxa4 58. c5 Qc6+ 59. Ke5 Qxc5+ 60. Ke6 a4 61.
Kf6 a3 62. Ke6 a2 63. Kd7 Qd5+ 64. Kc7 a1=Q 65. Kc8 Qg7 66. Kb8 Qgb7#) 56...
Qxa4 57. Kd5 Qb4 58. c5 a4 59. c6 Qb5+ 60. Kd6 Qxc6+ $1 {
it's best to give back material.} 61. Kxc6 a3 62. Kb5 a2 63. Kb4 (63. Kc5 {
does not save the day} a1=Q 64. Kd5 Qa5+ 65. Kd6 Kf5 66. Kc6 Ke6 67. Kb7 Kd6
68. Kb8 Kc6 69. Kc8 Qc7#) 63... a1=Q 64. Kb5 Qc1 (64... Kf4 65. Kc6 Ke5 66. Kb5
Qd4 67. Kc6 Qb4 68. Kc7 Qb5 69. Kd8 Qb7 70. Ke8 Ke6 71. Kd8 Qd7#) 65. Kb4 (65.
Kb6 {doesn't change anything anymore} Qe3+ 66. Ka6 Kf3 67. Kb7 Qe6 68. Kc7 Ke4
69. Kb7 Qd6 70. Kc8 Qe7 71. Kb8 Kd5 72. Kc8 Kc6 73. Kb8 Qb7#) 65... Qc6 66. Kb3
Qc5 (66... Kf5 67. Kb4 Qd6+ 68. Kc4 Ke4 69. Kc3 Qc7+ 70. Kb4 Qb6+ 71. Kc4 Qa5
72. Kb3 Kd3 73. Kb2 Qa4 74. Kb1 Kc3 75. Kc1 Qc2#) 67. Kb2 (67. Ka4 {
cannot undo what has already been done} Kf4 68. Kb3 Qb5+ 69. Kc2 Ke4 70. Kc3
Ke3 71. Kc2 Qb4 72. Kc1 Kd3 73. Kd1 Qd2#) 67... Qc4 68. Kb1 (68. Ka3 {
doesn't get the cat off the tree} Kf4 69. Kb2 Ke3 70. Ka3 Qb5 71. Ka2 Kd4 72.
Ka3 Kc3 73. Ka2 Qb2#) 68... Qe2 69. Ka1 Kf3 70. Kb1 Ke3 71. Ka1 Kd3 72. Kb1 Kc3
73. Ka1 (73. Kc1 {doesn't get the bull off the ice} Qc2#) 73... Qb2# 0-1

[Event "TAO 37"]
[Site "?"]
[Date "2008.06.07"]
[Round "1"]
[White "McNeill, Jonathon"]
[Black "Dejong, Andrew"]
[Result "1/2-1/2"]
[WhiteElo "1850"]
[BlackElo "1677"]
[Annotator "Fritz 11 (60s)"]
[PlyCount "123"]
[SourceDate "2006.11.11"]
[TimeControl "180"]

{119MB, Fritz11.ctg, JONATHON-5DE1DD B25: Closed Sicilian: 3 g3, lines without
early Be3} 1. e4 c5 2. Nc3 Nc6 3. d3 e6 4. f4 d6 5. Nf3 g6 6. g3 Bg7 7. Bg2
Nge7 8. O-O O-O 9. Be3 Qb6 10. Rb1 a6 $146 {Covers b5} (10... Bd7 11. e5 (11.
Kh1 Rac8 12. Qe1 Nd4 13. Qf2 Nec6 14. a3 Nxf3 15. Bxf3 Nd4 16. Bg2 Qa6 17. h3
f5 18. Kh2 b5 19. exf5 Nxf5 20. Ne4 Nxe3 21. Qxe3 Bd4 22. Qd2 d5 23. Ng5 Qd6
24. Nf3 Bg7 25. c3 d4 {Abdulghafour,Y-Powell,J/Manila 1992/TD/1-0 (56)}) 11...
dxe5 12. Na4 Qc7 13. Nxc5 Nd5 14. Bd2 Qb6 15. d4 Be8 16. Na4 Qc7 17. c4 e4 18.
Ne5 Nxe5 19. cxd5 Nf3+ 20. Bxf3 exf3 21. Be3 exd5 22. Nc3 Bd7 23. Qxf3 Rfe8 24.
Rbc1 Qb6 25. Nxd5 {Leimand,P (2092)-Milov,V (2592)/Zwolle 2003/CBM 093 ext/0-1}
) (10... Nd4 11. Ne2 f5 12. c3 Nxf3+ 13. Bxf3 Kh8 14. g4 Qc7 15. h3 e5 16. Qd2
Be6 17. c4 Nc6 18. exf5 gxf5 19. g5 Qf7 20. h4 e4 21. dxe4 fxe4 22. Bxe4 Bxc4
23. b3 d5 24. Bf3 Bxe2 25. Bxe2 {
Peniska,P (2017)-Grabarczyk,S/Klatovy 2007/CBM 119 ext/1/2-1/2 (48)}) (10...
Rd8 11. a3 d5 12. Bf2 d4 13. Ne2 Qc7 14. e5 b6 15. Nd2 h5 16. Ne4 Nd5 17. h3
Rb8 18. Qd2 Bb7 19. g4 hxg4 20. hxg4 Ba8 21. Bh4 Rf8 22. Qe1 Qd7 23. Bf6 Qc7
24. Qh4 Rfc8 25. Bxg7 {
Matta,F (1841)-Chiarion,E (1636)/Bratto 2006/CBM 113 ext/1-0 (40)}) (10... Bd7
11. Ne2 a5 12. d4 $11) 11. Qd2 Nd4 (11... d5 12. Na4 Qb5 13. b3 $11 (13. Nxc5
$143 d4 14. Nxd4 Bxd4 $17 (14... Qxc5 {is no comparison} 15. Nxe6 Qb4 16. c3
$18))) 12. Ne2 (12. b4 Nec6 13. e5 dxe5 (13... cxb4 $2 {is a blank shot} 14.
Nxd4 Nxd4 15. Na4 $18) (13... Nxb4 {again, the pawn cannot be taken} 14. Bxd4
cxd4 15. Ne4 $18) 14. fxe5 Nxf3+ (14... Nxb4 {
once again taking the pawn will bring Black grief} 15. Bxd4 cxd4 16. Ne4 $18)
15. Rxf3 Bxe5 $16) 12... Nec6 (12... a5 13. c3 Nxe2+ 14. Qxe2 $11) 13. c3 {
Prevents intrusion on b4} (13. b4 Nxf3+ 14. Bxf3 Nd4 $14 (14... Nxb4 $2 {
doesn't work because of} 15. a3 $18)) 13... Nxe2+ 14. Qxe2 Qc7 15. Rbd1 b6 16.
d4 cxd4 17. cxd4 a5 18. Rfe1 (18. Qc2 Qd7 $11) 18... Ba6 19. Qc2 Qb7 20. Bf1 (
20. Qb3 $5 $14 {is worth consideration}) 20... Bxf1 $15 21. Kxf1 Nb4 {
Black threatens to win material: Nb4xc2} 22. Qb1 Rac8 23. Rd2 Rc7 (23... d5 24.
e5 $11) 24. a3 $11 {White threatens to win material: a3xb4} Nc6 (24... Na6 25.
d5 exd5 26. Rxd5 $11) 25. Qd3 (25. d5 $5 {must be considered} Nd8 26. Kg2 $16)
25... d5 26. Rc2 dxe4 27. Qxe4 Ne7 28. Qxb7 Rxb7 29. Rec1 Nf5 {
Black threatens to win material: Nf5xe3} 30. Ke2 Rd8 {
Increasing the pressure on the isolated pawn on d4} 31. Kd3 {
White king safety dropped} Rbd7 32. Rc8 Nxe3 (32... Ne7 33. Rxd8+ Rxd8 34. Rc7
$11) 33. Rxd8+ $14 Rxd8 34. Kxe3 Rb8 35. Rc7 h6 {Secures g5} 36. Ne5 Bxe5 37.
dxe5 b5 38. b3 b4 $2 {Black gets more space} (38... Kg7 $142 $5 $14 {
should be investigated more closely}) 39. a4 $16 Rd8 (39... g5 40. fxg5 hxg5
41. Ra7 $18) 40. Rc5 $18 Rd1 $2 (40... Ra8 $142 $5 41. Kd4 g5 $18) 41. Rxa5 Rb1
42. Rb5 Rxb3+ 43. Kd4 Rb2 (43... Kf8 44. Kc5 $18) 44. Kc4 Rxh2 (44... Ra2 45.
Kb3 Ra1 46. Kxb4 $18) 45. Rxb4 Rg2 (45... g5 {doesn't do any good} 46. a5 $18)
46. Rb3 (46. a5 $5 {keeps an even firmer grip} Rxg3 47. Ra4 Rg1 $18) 46... Kf8
47. Kb5 (47. a5 $142 {and White can already relax} Ke7 48. a6 $18) 47... Ke7
48. Rd3 (48. a5 $5 Kd7 49. Kb6 $16) 48... Rb2+ $14 49. Ka6 f6 50. exf6+ Kxf6
51. a5 g5 52. fxg5+ hxg5 {Black has a new passed pawn: e6. .} 53. Ka7 Kf5 54.
a6 {A strong pawn} g4 55. Re3 e5 56. Ka8 Rb6 57. a7 Rb4 {
Black prepares the advance e4} 58. Rc3 Ke4 59. Rc6 Kf3 {
Black threatens to win material: Kf3xg3} 60. Rc3+ Kf2 61. Ra3 e4 62. Rc3
1/2-1/2